|
|
|
|
| LEADER |
00000nam a2200000 4500 |
| 008 |
170126b2015 cr ||||| |||| 00| | spa d |
| 999 |
|
|
|c 3360
|d 3360
|
| 020 |
|
|
|a 9789977152752
|
| 090 |
|
|
|a 06.03.06
|b 2243
|
| 100 |
1 |
|
|9 2328
|a Chan Jiménez, Yalile
|
| 245 |
1 |
0 |
|a Estrategias didácticas para el aprendizaje colaborativo : experiencias docentes en la Universidad de Costa Rica /
|c Yalile Chan, Maynor Jiménez, Germán Vidaurre, Guido Muñoz
|
| 260 |
|
|
|a San José, Costa Rica :
|b Escuela de Formación Docente, Universidad de Costa Rica,
|c 2015
|
| 300 |
|
|
|a 74 páginas
|
| 610 |
2 |
4 |
|9 714
|a UNIVERSIDAD DE COSTA RICA
|
| 650 |
1 |
4 |
|9 8
|a EDUCACIÓN SUPERIOR
|
| 650 |
1 |
4 |
|9 920
|a DOCENCIA UNIVERSITARIA
|
| 650 |
1 |
4 |
|9 812
|a ESTRATEGIAS EDUCATIVAS
|
| 650 |
1 |
4 |
|9 1295
|a TRABAJO EN GRUPO
|
| 650 |
1 |
4 |
|9 387
|a APRENDIZAJE
|
| 650 |
1 |
4 |
|9 331
|a DOCENTES
|
| 700 |
1 |
|
|9 2329
|a Jiménez Castro, Maynor
|
| 700 |
1 |
|
|9 2330
|a Vidaurre, Germán
|
| 700 |
1 |
|
|9 2331
|a Muñoz Solano, Guido
|
| 942 |
|
|
|i 004024
|h 06.03.06 2243
|2 z
|c 01
|